00814cam a2200241 a 45000010008000000030004000080050017000120080041000290100017000700200015000870400018001020430012001200500023001320820020001551000031001752450096002062600050003023000048003525040064004006000045004646500038005096500025005474032756OSt20161129114431.0980220s1998 miua b 001 0beng  a 98013660  a0802838561 aDLCcDLCdDLC ae-ne---00aND653.G7bE68 199800a759.9492aB2211 aErickson, Kathleen Powers.10aAt eternity's gate :bthe spiritual vision of Vincent Van Gogh /cKathleen Powers Erickson. aGrand Rapids, Mich. :bW.B. Eerdmans,cc1998. axviii, 192 p. :bill. (some col.) ;c25 cm. aIncludes bibliographical references (p. 183-188) and index.10aGogh, Vincent van,d1853-1890xReligion. 0aPainterszNetherlandsxBiography. 0aSpirituality in art.